Normal view
MARC view
- Matheson G. D
Entry Personal Name
001 - CONTROL NUMBER
- control field: 42628
003 - CONTROL NUMBER IDENTIFIER
- control field: NUST
005 - DATE AND TIME OF LATEST TRANSACTION
- control field: 20210314132352.0
008 - FIXED-LENGTH DATA ELEMENTS
- fixed length control field: 210314|| aca||aabn | a|a d
040 ## - CATALOGING SOURCE
- Original cataloging agency: NUST
- Transcribing agency: NUST
100 ## - HEADING--PERSONAL NAME
- Personal name: Matheson G. D
670 ## - SOURCE DATA FOUND
- Source citation: Work cat.: (NUST): Matheson G. D, A history of the Transport and Road Research Laboratory, 1933-1983 /, c1983.
